000 00291nam a2200109 4500
008 160629b xxu||||| |||| 00| 0 eng d
100 _91334
_a Maheswari., et al
245 _aUnderstanding ICSE Biology
260 _aN.D
_b Arya
_c2000
300 _aUnderstanding ICSE Biology
942 _2ddc
_cBK
999 _c1093
_d1093